000 00329nam a22001337a 4500
008 170302b xxu||||| |||| 00| 0 eng d
020 _a0806702117
041 _aeng
080 _a616.073
100 _a6
101 _aSHM
245 _aNORMAL RADIOLOGIC PATTERNS AND VARIANCES OF THE HUMAN SKELETON
_cBIRKNER,
942 _2udc
_cBK
999 _c6570
_d6570